Compendio de la historia moderna : (Record no. 11218)

000 -CABECERA
fixed length control field 00876nam a22001817a 4500
003 - IDENTIFICADOR DEL NÚMERO DE CONTROL
control field AR-CdUCM
008 - DATOS DE LONGITUD FIJA--INFORMACIÓN GENERAL
fixed length control field 190403b ||||| |||| 00| 0 spa d
040 ## - FUENTE DE LA CATALOGACIÓN
Agencia/entidad que catalogó originalmente la obra MUNICIPALIDAD PROVINCIAL DEL CUSCO
Entidad que transcribió la catalogación BIBLIOTECA MUNICIPAL DEL CUSCO
082 ## - NÚMERO DE LA CLASIFICACIÓN DECIMAL DEWEY
No. de la edición 4ed.
No. de Clasificación 909.4 /
Notacion interna D18 / 1867
100 ## - ENTRADA PRINCIPAL--NOMBRE DE PERSONA
Nombre Personal Drioux
245 ## - MENCIÓN DE TÍTULO
Título Compendio de la historia moderna :
Resto del título desde la toma de Constantinopla hasta la caída del imperio de Napoleón /
260 ## - PUBLICACIÓN, DISTRIBUCIÓN, ETC.
Lugar de publicación, distribución, etc. París :
Nombre de la editorial, distribuidor, etc. De rosa y bouret,
Fecha de publicación, distribución, etc. 1867.
300 ## - DESCRIPCIÓN FÍSICA
Nº de Páginas Extensión 571 páginas ;
Dimensiones 18 cm.
505 ## - NOTA DE CONTENIDO CON FORMATO
Nota de contenido formateada Contenido: Primera época: desde la toma de Constantinopla hasta la reforma (1453-1517) -- Segunda época: desde el establecimiento de la reforma hasta las guerras de religión (1517-1559) -- Tercera época: desde el tratado de westfalia hasta la revolución Francesa.
650 ## - PUNTO DE ACCESO ADICIONAL DE MATERIA--TÉRMINO DE MATERIA
Descriptor Historia moderna
9 (RLIN) 12930
942 ## - ELEMENTOS DE PUNTO DE ACCESO ADICIONAL (KOHA)
Fuente de clasificación
Tipo de item Libros-BMC
945 ## - PROCESAMIENTO DE INFORMACIÓN LOCAL (OCLC)
Catalogador acv
Holdings
Estado de retiro (separado) Fuente de clasificación o esquema de estanterías Estado dañado Ubicación Sala donde se ubica Nombre de la colección Fecha de adquisición o compra Costo, precio normal en soles Signatura topográfica Código de Barras Última vez visto (Koha) Tipo de ítem (Koha)
No     Sala Cusco Antiguo Sala Cusco Antiguo Book Cart 2019-04-03 40.00 909.4 / D18 / 1867 / e.2 SCA0001308 2019-04-03 Libros-BMC
No     Sala Cusco Antiguo Sala Cusco Antiguo Book Cart 2019-04-03 40.00 909.4 / D18 / 1867 / e.3 SCA0002008 2019-04-08 Libros-BMC

Powered by Koha